Taming your Company Computer : How to control systems development without understanding computers / Colin Corder (Registro nro. 11833)
[ vista simple ]
| 000 -LÍDER | |
|---|---|
| fixed length control field | 00603nam a2200157 4500 |
| 008 - ELEMENTOS DE LONGITUD FIJA -- INFORMACIÓN GENERAL | |
| fixed length control field | 0 1989 0a 000 0GRE |
| 020 ## - NÚMERO INTERNACIONAL NORMALIZADO PARA LIBROS | |
| ISBN | 0-07-707167-0 |
| 050 ## - SIGNATURA TOPOGRAFICA DE LA BIBLIOTECA DEL CONGRESO (LC) | |
| Número de Clasificación | QA76.5 C794 |
| 082 ## - NUMERO DE CLASIFICACION DECIMAL DEWEY | |
| Número de Clasificación | 001.61 C245t |
| 100 ## - ASIENTO PRINCIPAL--NOMBRE PERSONAL | |
| Nombre personal | Corder, Colin |
| 245 ## - TÍTULO | |
| Título | Taming your Company Computer : How to control systems development without understanding computers / Colin Corder |
| 260 ## - PUBLICACIÓN, DISTRIBUCIÓN, ETC. (PIE DE IMPRENTA) | |
| Lugar de publicación, distribución, etc. | Gran Bretaña : McGraw-Hill |
| 300 ## - DESCRIPCIÓN FÍSICA | |
| Extensión | viii, 253 p. / 23 cm. |
| 500 ## - NOTA GENERAL | |
| Nota general | Incluye bibliografía, índice. |
| 650 ## - ASIENTO SECUNDARIO DE MATERIA - TERMINO TEMÁTICO | |
| Término temático o nombre geográfico como elemento de entrada | 1.IBM 360 (COMPUTACIÓN)-PROGRAMACIÓN \ 2.FORTRAN (LENGUAJE DE PROGRAMACIÓN PARA COMPUTADORA). |
| No. biblioteca | No. biblioteca | Número de clasificación | Código de barras/Número de adquisición | Número de copia | Tipo de material |
|---|---|---|---|---|---|
| LUIS G. INCLAN | LUIS G. INCLAN | 001.61 C245t | 22538 | 1 | Libros |
| LUIS G. INCLAN | LUIS G. INCLAN | 001.61 C245t | 22539 | 2 | Libros |
| LUIS G. INCLAN | LUIS G. INCLAN | 001.61 C245t | 22540 | 3 | Libros |
